000 00483nam a2200181Ia 4500
008 151202s9999||||xx |||||||||||||| ||und||
082 _bPNVM-21582
100 _aपानवलकर श्री.दा.
245 _aगजगा.
260 _b---
260 _c0
300 _a0
600 _aपानवलकर श्री.दा.
630 _aगजगा.
700 _aपानवलकर श्री.दा.
730 _aगजगा.
942 _cBOOK
999 _c1287558
_d1287555